000 00281nam a22001337a 4500
008 170824b xxu||||| |||| 00| 0 eng d
020 _a8004269538
041 _aeng
080 _a51
100 _a38
101 _aMAT
245 _aCOLLEGE ALGEBRA
_cSISSON.P
942 _2udc
_cBK
999 _c24848
_d24848